Halid Ziya Uşaklıgil'in hikayeleri üzerine anlatıbilimsel bir inceleme/ (Record no. 67474)
| 000 -BAŞLIK | |
|---|---|
| Sabit Uzunluktaki Kontrol Alanı | 01568nam a22004697a 4500 |
| 001 - KONTROL NUMARASI | |
| Control Dosyası | T0000715 |
| 003 - KONTROL NUMARASI KİMLİĞİ | |
| Kontrol Alanı | KOHA_MİRAKIL |
| 005 - EN SON İŞLEM TARİHİ ve ZAMANI | |
| Kontrol Alanı | 20260207004702.0 |
| 007 - FİZİKSEL TANIM SABİT ALAN - GENEL BİLGİ | |
| Sabit uzunluklu kontrol alanı | ta |
| 008 - SABİT UZUNLUKTAKİ VERİ ÖGELERİ - GENEL BİLGİ | |
| Sabit Alan | 220330b2021 tu |||grm|||#0|||0|tur | |
| 020 ## - ISBN - ULUSLARARASI STANDART KİTAP NUMARASI | |
| Isbn | |
| 040 ## - KATALOGLAMA KAYNAĞI | |
| Özgün Kataloglama Kurumu | TR-BiSEU |
| Kataloglama Dili | tur |
| Çeviri Kurumu | TR-BiSEU |
| Açıklama Kuralları | rda |
| 041 0# - DİL KODU | |
| Metin ya da ses kaydının dil kodu | tur |
| 044 ## - YAYINLAYAN/ÜRETEN KURULUŞUN ÜLKE KODU | |
| ISO country code | tu |
| 050 00 - SINIFLAMA ve YER NUMARASI | |
| Sınıflama Numarası | Tez |
| Yer Numarası | 715 |
| 100 1# - KİŞİ ADI | |
| Yazar Adı (Kişi adı) | Kaya, Özlem. |
| 245 1# - ESER ADI BİLDİRİMİ | |
| Başlık | Halid Ziya Uşaklıgil'in hikayeleri üzerine anlatıbilimsel bir inceleme/ |
| Sorumluluk Bildirimi | Özlem Kaya ; Özlem Kaya; danışman Yakup Öztürk. |
| 264 #1 - ÜRERİM, YAYIN, DAĞITIM ve TELİF BİLDİRİMİ | |
| Yayın yeri | Bilecik : |
| Yayınlayan | Bilecik Şeyh Edebali Üniversitesi |
| Yayın tarihi | 2021 |
| 300 ## - FİZİKSEL TANIMLAMA | |
| Sayfa, Cilt vb. | VII, 175 sayfa; 30 cm. + |
| Birlikteki Materyal | 1 CD-ROM |
| 336 ## - İÇERİK TÜRÜ | |
| Content type term | metin |
| Content type code | txt |
| Source | rdacontent |
| 337 ## - MEDYA TÜRÜ | |
| Media type term | aracısız |
| Media type code | n |
| Source | rdamedia |
| 338 ## - TAŞIYICI TÜRÜ | |
| Carrier type term | cilt |
| Carrier type code | nc |
| Source | rdacarrier |
| 490 0# - DİZİ BİLDİRİMİ | |
| Dizi Bildirimi | Ref. |
| 490 0# - DİZİ BİLDİRİMİ | |
| Dizi Bildirimi | no: 10298756 |
| 500 ## - GENEL NOT | |
| Genel Not | Kaynakça var. |
| 500 ## - GENEL NOT | |
| Genel Not | İngilizce eser adı: A narrative scientific study on Halid Ziya Uşaklıgil's stories. |
| 502 ## - TEZ NOTU | |
| Tez Notu | Tez (Yüksek Lisans) -- Bilecik Şeyh Edebali Üniversitesi Sosyal Bilimler Enstitüsü Türk Dili ve Edebiyatı Anabilim Dalı, Bilecik, . |
| 650 #0 - KONU BAŞLIĞI EK GİRİŞ - KONU TERİMİ | |
| Konusal terim veya coğrafi ad | Anlatıbilim. |
| 9 (RLIN) | 127246 |
| 650 #0 - KONU BAŞLIĞI EK GİRİŞ - KONU TERİMİ | |
| Konusal terim veya coğrafi ad | Türk hikâyesi. |
| 9 (RLIN) | 127247 |
| 650 #0 - KONU BAŞLIĞI EK GİRİŞ - KONU TERİMİ | |
| Konusal terim veya coğrafi ad | Metin inceleme. |
| 9 (RLIN) | 127248 |
| 650 #0 - KONU BAŞLIĞI EK GİRİŞ - KONU TERİMİ | |
| Konusal terim veya coğrafi ad | Zaman. |
| 9 (RLIN) | 31833 |
| 650 #0 - KONU BAŞLIĞI EK GİRİŞ - KONU TERİMİ | |
| Konusal terim veya coğrafi ad | Mekân. |
| 9 (RLIN) | 127249 |
| 650 #0 - KONU BAŞLIĞI EK GİRİŞ - KONU TERİMİ | |
| Konusal terim veya coğrafi ad | Narratology. |
| 9 (RLIN) | 127250 |
| 650 #0 - KONU BAŞLIĞI EK GİRİŞ - KONU TERİMİ | |
| Konusal terim veya coğrafi ad | Turkish story. |
| 9 (RLIN) | 81518 |
| 650 #0 - KONU BAŞLIĞI EK GİRİŞ - KONU TERİMİ | |
| Konusal terim veya coğrafi ad | Text examination. |
| 9 (RLIN) | 127251 |
| 650 #0 - KONU BAŞLIĞI EK GİRİŞ - KONU TERİMİ | |
| Konusal terim veya coğrafi ad | Time. |
| 9 (RLIN) | 127252 |
| 650 #0 - KONU BAŞLIĞI EK GİRİŞ - KONU TERİMİ | |
| Konusal terim veya coğrafi ad | Space. |
| 9 (RLIN) | 61991 |
| 830 0# - SERİ EK GİRİŞİ - TEKBİÇİM ESER ADI | |
| Tekbiçim Başlık | Ref. |
| 9 (RLIN) | 123605 |
| 830 0# - SERİ EK GİRİŞİ - TEKBİÇİM ESER ADI | |
| Tekbiçim Başlık | no: 10298756 |
| 9 (RLIN) | 127253 |
| 856 40 - ELEKTRONİK YER ve ERİŞİM | |
| Kaynak Tanımlayıcı (URL) | <a href="http://acikkaynak.bilecik.edu.tr/xmlui/handle/11552/2634">http://acikkaynak.bilecik.edu.tr/xmlui/handle/11552/2634</a> |
| 907 ## - LOCAL DATA ELEMENT G, LDG (RLIN) | |
| a | Yüksek Lisans |
| 942 ## - EK GİRİŞ ÖGELERİ (KOHA) | |
| Source of classification or shelving scheme | Library of Congress Classification |
| Koha item type | Thesis |
| Materyal Türü | Kalıcı Konum | Mevcut Konum | Raf Yeri | Sınıflandırma Kaynağı | Edinim Bilgisi | Yer Numarası | Demirbaş Numarası | Fatura Tarihi | Geri Çekilme Durumu | Kayıp Durumu | Hasarlı Durumu | Kredi için değil | Kayıt Tarih | Toplam Ödünçverme | Son Görülme Tarihi | Son Kontrol Tarihi |
|---|---|---|---|---|---|---|---|---|---|---|---|---|---|---|---|---|
| Thesis | Prof. Dr. Azmi Özcan Kütüphanesi | Prof. Dr. Azmi Özcan Kütüphanesi | Depo | Library of Congress Classification | Bağış | Tez/715 | T0000715 | 02/02/2026 | 30/03/2022 | 05/03/2025 | 05/03/2025 |
